| 000 | 00376nam a22001217a 4500 | ||
|---|---|---|---|
| 082 | _a200 THE | ||
| 100 |
_aFahiza Fauz _973216 |
||
| 245 | _aTH-SOF-1799-Reduced Order Model for Digital Image Elasto Tomography (DIET) | ||
| 260 |
_aISLAMABAD _bNUST COLLEGE OF EME _c2020 |
||
| 650 | _aMS-ELECT-16 | ||
| 700 |
_aSupervisor Dr. Syed Muhammad Tahir Zaidi _969742 |
||
| 942 |
_cCF _2ddc |
||
| 999 |
_c579035 _d579035 |
||